[Event "HUN-chT 1011"]
[Site "Hungary"]
[Date "2011.03.27"]
[Round "7"]
[White "Volosin, Vladimir"]
[Black "Doleschall, Gyorgy"]
[Result "1-0"]
[WhiteElo "2286"]
[BlackElo "2240"]
[PlyCount "75"]
[EventDate "2010.10.10"]
[EventType "team-tourn"]
[EventRounds "11"]
[EventCountry "HUN"]
[SourceTitle "EXT 2012"]
[Source "ChessBase"]
[SourceDate "2011.11.24"]
[SourceVersion "1"]
[SourceVersionDate "2011.11.24"]
[SourceQuality "1"]
[WhiteTeam "Mako"]
[BlackTeam "Taban Spartacus"]
[WhiteTeamCountry "HUN"]
[BlackTeamCountry "HUN"]

1. c4 Nf6 2. Nc3 d5 3. cxd5 Nxd5 4. g3 e5 5. Bg2 Nb6 6. Nf3 Nc6 7. d3 Be7 8. Be3 0-0 9. 0-0 a5 10. Na4 Nxa4 11. Qxa4 Ra6 12. Rfc1 f6 13. Qc4+ Kh8 14. Nd2 f5 15. Qd5 Bf6 16. Qxd8 Rxd8 17. Rab1 Be6 18. b3 Bd5 19. Rc5 Bxg2 20. Kxg2 Rd7 21. Rbc1 Kg8 22. Rb5 Nd8 23. Nc4 c6 24. Rxa5 Rxa5 25. Nxa5 Kf7 26. a4 g5 27. Nc4 h5 28. Nb6 Re7 29. Bc5 Re8 30. Nc4 Ke6 31. e4 f4 32. Na5 Rg8 33. b4 g4 34. gxf4 exf4 35. d4 f3+ 36. Kg1 Rg7 37. Rd1 Nf7 38. d5+ 1-0

[Event "HUN-chT"]
[Site "Hungary"]
[Date "1991.??.??"]
[Round "?"]
[White "Doleschall, Gyorgy"]
[Black "Kaposztas, Miklos"]
[Result "1/2-1/2"]
[WhiteElo "2270"]
[BlackElo "2315"]
[PlyCount "30"]
[EventDate "1991.??.??"]
[EventType "team"]
[EventRounds "9"]
[EventCountry "HUN"]
[SourceTitle "TD"]
[Source "ChessBase"]
[SourceDate "1994.03.01"]
[SourceVersion "1"]
[SourceVersionDate "1994.03.01"]
[SourceQuality "1"]

1. Nf3 d5 2. c4 e6 3. d4 Nf6 4. Nc3 Be7 5. Bg5 0-0 6. e3 c6 7. Rc1 Nbd7 8. Bd3 dxc4 9. Bxc4 Nd5 10. Bxe7 Qxe7 11. 0-0 Nxc3 12. Rxc3 e5 13. dxe5 Nxe5 14. Nxe5 Qxe5 15. f4 Qe4 1/2-1/2

[Event "HUN-chT"]
[Site "Hungary"]
[Date "1991.??.??"]
[Round "?"]
[White "Tolnai, Tibor"]
[Black "Doleschall, Gyorgy"]
[Result "1/2-1/2"]
[WhiteElo "2500"]
[BlackElo "2270"]
[PlyCount "60"]
[EventDate "1991.??.??"]
[EventType "team"]
[EventRounds "9"]
[EventCountry "HUN"]
[SourceTitle "TD"]
[Source "ChessBase"]
[SourceDate "1994.03.01"]
[SourceVersion "1"]
[SourceVersionDate "1994.03.01"]
[SourceQuality "1"]

1. e4 c5 2. Nf3 Nc6 3. d4 cxd4 4. Nxd4 Nf6 5. Nc3 e6 6. Ndb5 Bc5 7. Bf4 0-0 8. Bc7 Qe7 9. Bd6 Bxd6 10. Qxd6 Ne8 11. Qxe7 Nxe7 12. 0-0-0 f5 13. f3 fxe4 14. Nxe4 d5 15. Ned6 Nxd6 16. Nxd6 Nf5 17. Nxf5 Rxf5 18. Bd3 Rf6 19. c4 Bd7 20. Rhe1 Bc6 21. cxd5 Bxd5 22. b3 Rf4 23. Kb2 a5 24. Be4 Bxe4 25. Rd4 Kf7 26. Rexe4 Rxe4 27. Rxe4 Kf6 28. Rf4+ Ke7 29. Rg4 Kf6 30. Ra4 Rd8 1/2-1/2

[Event "Budapest MAFC U20 op"]
[Site "Budapest"]
[Date "1987.??.??"]
[Round "6"]
[White "Doleschall, Gyorgy"]
[Black "Madl, Ildiko"]
[Result "0-1"]
[WhiteElo "2305"]
[BlackElo "2350"]
[PlyCount "48"]
[EventDate "1987.??.??"]
[EventType "swiss"]
[EventRounds "9"]
[EventCountry "HUN"]
[SourceTitle "EXT 2004"]
[Source "ChessBase"]
[SourceDate "2003.11.25"]
[SourceVersion "1"]
[SourceVersionDate "2003.11.25"]
[SourceQuality "1"]

1. d4 Nf6 2. c4 e6 3. Nc3 c5 4. e3 d5 5. Nf3 Nc6 6. cxd5 exd5 7. Be2 Be7 8. 0-0 0-0 9. dxc5 Bxc5 10. b3 a6 11. Bb2 Re8 12. Rc1 Ba7 13. Rc2 Bf5 14. Rd2 Qa5 15. Na4 d4 16. Nxd4 Ne4 17. Rc2 Nxd4 18. Bxd4 Bxd4 19. exd4 b5 20. f3 Ng3 21. hxg3 Bxc2 22. Qxc2 bxa4 23. Bc4 Rad8 24. Qd3 Rd6 0-1